[Event "USCL"]
[Site "ICC INT"]
[Date "2005.09.28"]
[Round "5"]
[White "Lugo,B"]
[Black "Costigan,R"]
[Result "1/2-1/2"]
[WhiteElo "2406"]
[BlackElo "2312"]

1.e4 d5 2.exd5 Qxd5 3.Nc3 Qd8 4.d4 Nf6 5.h3 c6 6.Nf3 Bf5 7.g4 Bg6 8.Bg2 Nbd7
9.Nh4 e6 10.O-O Bd6 11.f4 Qc7 12.f5 exf5 13.Qe2+ Kf8 14.Nxf5 Re8 15.Qf3 h6
16.Nxd6 Qxd6 17.Qf2 Kg8 18.a3 Qe6 19.Bf4 Qc4 20.Rfe1 Rxe1+ 21.Rxe1 Qa6 22.Re7 Qb6
23.b4 Qd8 24.Qe3 Kh7 25.d5 cxd5 26.Nxd5 Nxd5 27.Bxd5 Nf6 28.Bxf7 Qd1+ 29.Kh2 Qxc2+
30.Qd2 Rc8 31.Qxc2 Rxc2+ 32.Kg1 Bxf7 33.Rxf7 Ra2 34.Be5 Kg6 35.Rxb7 Rxa3
36.b5 Rxh3 37.Rxa7 Rb3 38.Rb7 Nxg4 39.Bd4 Kf5 40.b6 g5 41.Re7 h5 42.b7 h4
43.Ba7 Rb1+ 44.Kg2 Rb2+ 45.Kf1 Nh2+ 46.Ke1 Nf3+ 47.Kd1 h3 48.b8=Q Rxb8 49.Bxb8 h2
50.Rh7 Kg6 51.Rh8 Kg7 52.Be5+ Nxe5 53.Rxh2 Kg6 54.Ra2 Kf5 55.Ke2 Ng6 56.Ke3 Nh4
57.Ra4 Ng2+ 58.Kf3 Nh4+ 59.Kg3 Ng6 60.Ra5+ Ne5 61.Rb5 Ke4 62.Rb8 Kf5 63.Rf8+ Kg6
64.Kf2 Nd7 65.Re8 Nf6 66.Ra8 Kf5 67.Ra5+ Kf4 68.Kg2 Ng4 69.Ra4+ Kf5 70.Kg3 Ne5
71.Ra5 Ke4 72.Kf2 Nd3+ 73.Ke2 Ne5 74.Rb5 Kf4 75.Rb4+ Kf5 76.Ra4 Ng6 77.Ke3 Nh4
78.Ra5+ Kg4 79.Ke4 Nf3 80.Ra4 Nh4 81.Ra1 Nf3 82.Ra2 Nh4 83.Ke3 Nf5+ 84.Kf2 Nh4
85.Ra4+ Kf5 86.Ra5+ Kf4 87.Rb5 Ng6 88.Rb6 Ne5 89.Rf6+ Kg4 90.Ke3 Nd7 91.Rf1 Ne5
92.Rf6 Nd7 93.Rd6 Ne5 94.Rd5 Nf3 95.Ra5 Nh4 96.Ke4 Nf3 97.Ra3 Nd2+ 98.Kd3 Nf3
99.Ke3 Nh4 100.Ke4 Ng6 101.Ra1 Nh4 102.Rg1+ Kh5 103.Rg3 Kg6 104.Ke5 Nf5 105.Ra3 Nh4
106.Ra6+ Kh5 107.Kf6 Nf3 108.Ra4 Nh4 109.Ra5  1/2-1/2

[Event "Veselin Boskovic Mem"]
[Site "Bijelo Polje SCG"]
[Date "2005.10.03"]
[Round "2"]
[White "Parligras,M"]
[Black "Podinic,V"]
[Result "1-0"]
[WhiteElo "2577"]
[BlackElo "2415"]

1.e4 d5 2.exd5 Qxd5 3.Nc3 Qd6 4.d4 Nf6 5.Nf3 a6 6.g3 e6 7.Bg2 Be7 8.O-O Nc6
9.Bf4 Qd8 10.Ne2 Nd5 11.Bd2 b5 12.b3 Bf6 13.c4 Nde7 14.Bc3 b4 15.Bb2 Bb7
16.Nf4 g6 17.Qd2 Nxd4 18.Bxd4 Bxf3 19.Bxf3 Bxd4 20.Bxa8 Bxa1 21.Qxd8+ Kxd8
22.Rxa1 c6 23.Bb7 Kc7 24.Rd1 Rb8 25.Bxa6 Rb6 26.Nd3 Rxa6 27.Nxb4 Ra5 28.Rd2 c5
29.Nd3 Nc6 30.f4 f6 31.Kf2 Nb4 32.Ke3 Kc6 33.a4 Nxd3 34.Kxd3 Ra8 35.Kc3 h5
36.Ra2 Kb6 37.a5+ Kc6 38.a6 Kb6 39.b4 cxb4+ 40.Kxb4 Ra7 41.c5+ Kc6 42.Rd2 Re7
43.a7 Kb7 44.Ra2 Ka8 45.c6 Re8 46.Kc5 e5 47.c7  1-0

[Event "Open A"]
[Site "Hamburg GER"]
[Date "2005.10.04"]
[Round "4"]
[White "Klein,G"]
[Black "Gollasch,T"]
[Result "1/2-1/2"]
[WhiteElo "1998"]
[BlackElo "2158"]

1.e4 d5 2.exd5 Qxd5 3.Nc3 Qd6 4.d4 Nf6 5.Nf3 Bf5 6.Ne5 c6 7.Bc4 e6 8.Bf4 Qb4
9.Bb3 Nbd7 10.Nxd7 Nxd7 11.O-O Nf6 12.Re1 Rd8 13.Be5 Be7 14.a3 Qa5 15.Qf3 O-O
16.h3 Bg6 17.Rad1 Nd7 18.Bf4 Bh5 19.g4 Bg6 20.Qg3 Nb6 21.h4 h6 22.Re5 Qa6
23.h5 Bh7 24.g5 hxg5 25.Bxg5 Nc8 26.h6 g6 27.Ne4  1/2-1/2

[Event "Autumn 4"]
[Site "Alushta UKR"]
[Date "2005.10.05"]
[Round "13"]
[White "Bindrich,F"]
[Black "Sergeev,Vl"]
[Result "1/2-1/2"]
[WhiteElo "2391"]
[BlackElo "2472"]

1.e4 d5 2.exd5 Qxd5 3.Nc3 Qd6 4.d4 Nf6 5.Nf3 a6 6.Bg5 Bg4 7.h3 Bh5 8.Qe2 Nc6
9.O-O-O h6 10.Bxf6 Qf4+ 11.Qe3 Qxe3+ 12.fxe3 gxf6 13.Bc4 f5 14.Nd5 O-O-O
15.Nf4 Bxf3 16.gxf3 e6 17.Rhg1 h5 18.Ne2 Na5 19.Bd3 c5 20.c3 c4 21.Bc2 Bh6
22.f4 h4 23.d5 exd5 24.Nd4 Nc6 25.Nxf5 Bf8 26.Rg4 Bc5 27.Kd2 Ne7 28.Rg7 Rhg8
29.Rdg1 Rxg7 30.Rxg7 Nxf5 31.Bxf5+ Kb8 32.Rxf7 Re8 33.Bd7 Rxe3 34.Bg4 Rd3+
35.Ke2 Re3+ 36.Kd2 Rd3+ 37.Ke2 Re3+ 38.Kd2  1/2-1/2

[Event "Open A"]
[Site "Hamburg GER"]
[Date "2005.10.06"]
[Round "6"]
[White "Perunovic,Mil"]
[Black "Reefschlaeger,H"]
[Result "1-0"]
[WhiteElo "2514"]
[BlackElo "2314"]

1.e4 d5 2.exd5 Qxd5 3.Nc3 Qd8 4.d4 Nf6 5.Bg5 c6 6.Qd2 Bf5 7.Bxf6 gxf6 8.Bd3 Bxd3
9.Qxd3 e6 10.Nf3 Nd7 11.O-O Qc7 12.Ne2 O-O-O 13.c4 f5 14.Rfd1 Rg8 15.Nc3 Nf6
16.Qe3 Kb8 17.Qe5 Bg7 18.Qe1 Qf4 19.Rd3 Ne4 20.Rad1 Bf6 21.g3 Qg4 22.Ne5 Bxe5
23.dxe5 Rxd3 24.Rxd3 Ng5 25.Qe2 Qxe2 26.Nxe2 Nf3+ 27.Rxf3  1-0

[Event "FSIMA October"]
[Site "Budapest HUN"]
[Date "2005.10.07"]
[Round "5"]
[White "Vass,V"]
[Black "Werner,Di"]
[Result "0-1"]
[WhiteElo "2193"]
[BlackElo "2376"]

1.e4 d5 2.exd5 Qxd5 3.Nc3 Qd6 4.d4 Nf6 5.Bc4 a6 6.Nf3 b5 7.Bb3 Bb7 8.O-O e6
9.Bg5 c5 10.dxc5 Qxd1 11.Raxd1 Nbd7 12.c6 Bxc6 13.Nd4 Bb7 14.Rfe1 O-O-O 15.a4 b4
16.Na2 Nc5 17.c3 Nxb3 18.Nxb3 Rxd1 19.Rxd1 Bd5 20.Nbc1 Ne4 21.Be3 bxc3 22.Nxc3 Nxc3
23.bxc3 Be7 24.Bd4 f6 25.f4 Bc4 26.Kf2 Rd8 27.Rd2 Rd5 28.Rb2 Ra5 29.Ke3 e5
30.Bb6 exf4+ 31.Kxf4 Rxa4 32.Ke3 Ba3 33.Rb1 Bd5 34.Nd3 Re4+  0-1

[Event "Open A"]
[Site "Hamburg GER"]
[Date "2005.10.07"]
[Round "5"]
[White "Gouliev,N"]
[Black "Milanovic,Da"]
[Result "1-0"]
[WhiteElo "2572"]
[BlackElo "2464"]

1.e4 d5 2.exd5 Qxd5 3.Nc3 Qd6 4.d4 Nf6 5.Nf3 a6 6.Bd3 Bg4 7.h3 Bh5 8.Be3 Nc6
9.g4 Bg6 10.Qd2 e6 11.O-O-O O-O-O 12.a3 Be7 13.g5 Nd5 14.Ne4 Qd7 15.c4 Nxe3
16.fxe3 h6 17.h4 Bh5 18.Rhf1 f5 19.gxf6 gxf6 20.Ng3 Bg4 21.Bc2 Nb8 22.h5 Qc6
23.Qe2 Nd7 24.Be4 Qa4 25.c5 f5 26.Bc2 Qc6 27.Qf2 Bg5 28.Kb1 Qxf3 29.Qxf3 Bxf3
30.Rxf3 Nf6 31.e4 fxe4 32.Bxe4 c6 33.Bg6 Rd7 34.Rdf1 Nd5 35.Ne4 Be7 36.Rf7 Nc7
37.Nd2 Nb5 38.Nc4 Rc7 39.Rg7 Bd8 40.Nb6+ Kb8 41.Nd7+ Kc8 42.Rff7 Nxd4 43.Ne5 Nf5
44.Bxf5 exf5 45.Nc4 f4 46.Kc2 Rxf7 47.Nd6+ Kd7 48.Rxf7+ Ke6 49.Rxf4 b5 50.Rg4 Bg5
51.Rg3 Rf8 52.Ne4 Rf5 53.b4 Ke5 54.Nxg5 hxg5 55.h6 Kf4 56.Rg1 Rd5 57.Rf1+ Ke5
58.Rh1 Rd8 59.h7 Rh8 60.Rh6 g4 61.Kd3 Kf5 62.Ke2 Kg5 63.Rxc6 Rxh7 64.Rxa6 Rf7
65.a4 bxa4 66.c6 g3 67.Rxa4 Rf2+ 68.Ke3 Rc2 69.b5 g2 70.Ra1 Kf5 71.Kd3 Rc5
72.Kd4 Rc2 73.Kd5 Kf6 74.b6 Rd2+  1-0

[Event "Open A"]
[Site "Hamburg GER"]
[Date "2005.10.08"]
[Round "8"]
[White "Schulz,St"]
[Black "Gollasch,T"]
[Result "1-0"]
[WhiteElo "2073"]
[BlackElo "2158"]

1.e4 d5 2.exd5 Qxd5 3.Nc3 Qd6 4.Nf3 Nf6 5.Be2 g6 6.O-O c6 7.h3 Bg7 8.d4 Nbd7
9.Be3 O-O 10.Qd2 Nd5 11.Nxd5 cxd5 12.Bh6 Nf6 13.Bxg7 Kxg7 14.c3 Bf5 15.Nh4 Bd7
16.Bd3 b5 17.a3 a5 18.Nf3 Rfb8 19.Ne5 Rb7 20.Rfe1 Rab8 21.Qe3 Be8 22.g3 b4
23.axb4 axb4 24.Ra6 Qc7 25.c4 dxc4 26.Bxc4 e6 27.b3 Rb6 28.Rxb6 Qxb6 29.Qf4 Rd8
30.Rd1 Bc6 31.Nxc6 Qxc6 32.Qe5 Qd6 33.Rd3 h6 34.Kg2 g5 35.f4 gxf4 36.gxf4 Qe7
37.f5 Qb7+ 38.Kh2 Qb8 39.Rg3+  1-0

[Event "It B"]
[Site "Stepanakert ARM"]
[Date "2005.10.08"]
[Round "6"]
[White "Sveshnikov,E"]
[Black "Yegiazarian,A"]
[Result "0-1"]
[WhiteElo "2507"]
[BlackElo "2537"]

1.e4 d5 2.exd5 Qxd5 3.Nc3 Qd6 4.d4 Nf6 5.g3 Bg4 6.Nf3 Nc6 7.Bg2 O-O-O 8.h3 Bh5
9.O-O e5 10.g4 exd4 11.Nb5 Qc5 12.Nbxd4 Nxd4 13.Be3 Bg6 14.Nxd4 Qe5 15.g5 Nd5
16.Qf3 c6 17.Rfe1 Bd6 18.Qg4+ Rd7 19.Rad1 f5 20.Qf3 Re8 21.c4 Qh2+ 22.Kf1 Nxe3+
23.Rxe3 Rxe3 24.Qxe3 Qf4 25.b3 Qxe3 26.fxe3 Be7 27.Ke2 Bxg5 28.Rf1 Bh5+ 29.Bf3 Bxf3+
30.Rxf3 g6 31.Ne6 Bf6 32.Nc5 Re7 33.Nd3 Kc7 34.Nf4 Bg5 35.Nd3 b6 36.Kd2 Kd6
37.Nf2 Bh4 38.Nd3 Re4 39.a4 Bf6 40.Nf2 Rh4 41.Kd3 Ke6 42.Ke2 g5 43.Nd3 h5
44.Nb4 g4 45.hxg4 fxg4 46.Rf2 Rh1 47.Nxc6 h4 48.Rf1 Rh2+ 49.Kd3 g3 50.Ke4 Rf2
51.Rg1 g2 52.Nb4 h3 53.Nd3 h2  0-1

[Event "Open A"]
[Site "Hamburg GER"]
[Date "2005.10.09"]
[Round "9"]
[White "Berg,V"]
[Black "Bohn,C"]
[Result "1/2-1/2"]
[WhiteElo "2120"]
[BlackElo "1918"]

1.e4 d5 2.exd5 Qxd5 3.Nc3 Qd8 4.Nf3 Nf6 5.Bc4 Bf5 6.d3 e6 7.Bg5 Nbd7 8.Qe2 c6
9.Nd4 Be7 10.Nxf5 exf5 11.O-O O-O 12.Rae1 Bd6 13.h3 h6 14.Bd2 Ne5 15.Bb3 Ng6
16.f4  1/2-1/2

[Event "Goodbye Summer Open"]
[Site "Omis CRO"]
[Date "2005.10.11"]
[Round "2"]
[White "Rogulj,B"]
[Black "Susak,Z"]
[Result "1-0"]
[WhiteElo "2393"]
[BlackElo "2235"]

1.e4 d5 2.exd5 Qxd5 3.Nc3 Qd8 4.Bc4 Nf6 5.Nf3 a6 6.a4 Nc6 7.h3 Bf5 8.O-O e6
9.d3 Be7 10.Nh4 Bg6 11.Nxg6 hxg6 12.Ne2 O-O 13.d4 Na5 14.Ba2 b5 15.c3 c6
16.Nf4 Nd5 17.Nd3 Bd6 18.Re1 Re8 19.Re4 Qc7 20.Bg5 Rab8 21.axb5 axb5 22.h4 Nc4
23.Rb1 Nf6 24.Re2 Nb6 25.Bxf6 gxf6 26.Re3 Nd5 27.Rh3 Kg7 28.Qf3 Rh8 29.h5 Rxh5
30.Rxh5 gxh5 31.Qxh5 Rh8 32.Qg4+ Kf8 33.Bxd5 cxd5 34.Ra1 Ke7 35.g3 Rh6 36.Qg8 Bxg3
37.Ra8 Bxf2+ 38.Kf1 Rh1+ 39.Ke2 f5 40.Qg5+ Kd6 41.Qf4+  1-0

[Event "Goodbye Summer Open"]
[Site "Omis CRO"]
[Date "2005.10.13"]
[Round "6"]
[White "Zufic,M"]
[Black "Plenkovic,Z"]
[Result "1-0"]
[WhiteElo "2391"]
[BlackElo "2321"]

1.e4 d5 2.exd5 Qxd5 3.Nc3 Qd8 4.d4 Nf6 5.Nf3 Bf5 6.Bd3 Bxd3 7.Qxd3 c6 8.Bg5 Nbd7
9.O-O-O e6 10.Ne4 Qa5 11.Kb1 Be7 12.Bxf6 gxf6 13.c4 O-O-O 14.Qe2 Nb6 15.Rc1 Rhg8
16.g3 Qh5 17.Rhd1 f5 18.Ned2 Bf6 19.c5 Nd5 20.Nc4 Kb8 21.Rd3 Qg4 22.Rb3 Rd7
23.Qd2 Nc7 24.Nfe5 Qe4+ 25.Ka1 Bxe5 26.Nxe5 Re7 27.Qb4 Nb5 28.a4 a5 29.Qd2 Na7
30.Nc4 Rd8 31.Nd6 Qd5 32.Re3 Red7 33.Re5 Qg2 34.Qf4 Nc8 35.Nc4 Ka7 36.Qd2 Rxd4
37.Qxa5+ Kb8 38.Ka2 Qxf2 39.Re3 R8d7 40.Nb6 Rd8 41.Rb3 Na7 42.Nc4 R4d5 43.Qb6 R8d7
44.Na5 Rd4 45.Ka3 Qd2 46.Nxb7 Nb5+ 47.Rxb5 cxb5 48.Nd6+ Ka8 49.Qa6+ Kb8 50.Qc8+  1-0

[Event "TCh-CZE Extraliga 2005-6"]
[Site "Czech Rep CZE"]
[Date "2005.10.15"]
[Round "1"]
[White "Pisk,P"]
[Black "Jirovsky,Pa"]
[Result "1-0"]
[WhiteElo "2345"]
[BlackElo "2354"]

1.e4 d5 2.exd5 Qxd5 3.Nc3 Qd6 4.d4 Nf6 5.Nf3 a6 6.Ne5 Nc6 7.Bf4 Qxd4 8.Nxc6 Qxd1+
9.Rxd1 bxc6 10.Bxc7 Bf5 11.Bxa6 Nd7 12.Bd3 g6 13.Bxf5 gxf5 14.O-O Bg7 15.Rfe1 Ra7
16.Bd6 Bf6 17.Rd3 h5 18.Rde3 e6 19.a4 h4 20.h3 Ra6 21.b3 Rh6 22.Kf1 Kd8 23.Rd1 Kc8
24.Nb1 Nb6 25.c4 Nd7 26.Nc3 Rg6 27.c5 Ra7 28.Nb1 Bg5 29.Red3 Nf6 30.Nc3 Ne4
31.Nxe4 fxe4 32.Rd4 f5 33.Rb4 Rb7 34.Rdd4 Rgg7 35.a5 Rxb4 36.Rxb4 Ra7 37.Rb8+ Kd7
38.Rg8 Bf6 39.Rf8 Rxa5 40.Rf7+  1-0

[Event "Cupa ULIM"]
[Site "Kishinev MDA"]
[Date "2005.10.16"]
[Round "9"]
[White "Martemianov,I"]
[Black "Karacay,A"]
[Result "1-0"]
[WhiteElo "2254"]
[BlackElo "2042"]

1.e4 d5 2.exd5 Qxd5 3.Nc3 Qd8 4.d4 c6 5.Bc4 Bf5 6.Nf3 e6 7.Ne5 Nd7 8.Qe2 Nxe5
9.dxe5 Bb4 10.O-O Ne7 11.Ne4 Qc7 12.Bf4 Bxe4 13.Qxe4 a5 14.Bd3 Ng6 15.Bg3 h5
16.h3 h4 17.Bh2 Rd8 18.Qg4 Rh6 19.Rad1 Be7 20.Kh1 Qb6 21.f4 Qxb2 22.f5 Rd4
23.Qf3 exf5 24.Qxf5 Qxa2 25.Bg1 Rxd3 26.Qxd3 Qe6 27.Bh2 Rh5 28.Qc3 Bb4 29.Qd4 Qc8
30.e6 Rd5 31.exf7+ Kf8 32.Qe4 Rxd1 33.Rxd1 Ne7 34.Rf1 Nd5 35.Qxh4 Nf6 36.Qh8+  1-0

[Event "Goodbye Summer Open"]
[Site "Omis CRO"]
[Date "2005.10.16"]
[Round "9"]
[White "Zufic,M"]
[Black "Bajramovic,H"]
[Result "1-0"]
[WhiteElo "2391"]
[BlackElo "2206"]

1.e4 d5 2.exd5 Qxd5 3.Nc3 Qd6 4.d4 c6 5.Bc4 Bf5 6.Nf3 Nd7 7.Qe2 Ngf6 8.Bg5 e6
9.O-O-O Be7 10.Ne5 O-O 11.g4 Bg6 12.h4 b5 13.Bb3 b4 14.Nxg6 hxg6 15.Ne4 Nxe4
16.Qxe4 Nf6 17.Bxf6 gxf6 18.f4 f5 19.Qf3 Kg7 20.Kb1 Rg8 21.h5 fxg4 22.Qxg4 Kf8
23.hxg6 Rxg6 24.Qf3 Bf6 25.f5 exf5 26.Qxf5 Rd8 27.Rh7 Rd7 28.Rxf7+ Rxf7 29.Qxg6 Rg7
30.Qh5 Rg5 31.Qf7+  1-0

[Event "SCG First League w"]
[Site "Vrnjacka Banja SCG"]
[Date "2005.10.17"]
[Round "1"]
[White "Eric,J"]
[Black "Drljevic,L"]
[Result "0-1"]
[WhiteElo "2005"]
[BlackElo "2189"]

1.e4 d5 2.exd5 Qxd5 3.Nc3 Qd8 4.d4 Nf6 5.Nf3 Bf5 6.Bc4 e6 7.h3 h6 8.Qe2 Bb4
9.O-O c6 10.Bb3 O-O 11.a3 Bd6 12.Ne5 Qc7 13.Re1 Nbd7 14.Bd2 b5 15.Rad1 a6
16.Bc1 c5 17.Nxd7 Nxd7 18.dxc5 Nxc5 19.Ba2 Rac8 20.Bb1 Rfd8 21.Be3 Qc6 22.Rd2 Bb8
23.Rxd8+ Rxd8 24.Rd1 Rc8 25.Rd2 Qc7 26.Qf3 Qh2+ 27.Kf1 Be5 28.Bd4 Bxd4 29.Rxd4 Qh1+
30.Ke2 Qc1 31.Rd1 Qxb2 32.Rd2 a5  0-1

[Event "SCG First League m"]
[Site "Vrnjacka Banja SCG"]
[Date "2005.10.21"]
[Round "5"]
[White "Radulski,J"]
[Black "Fontaine,R"]
[Result "1/2-1/2"]
[WhiteElo "2521"]
[BlackElo "2507"]

1.e4 d5 2.exd5 Qxd5 3.Nc3 Qd6 4.d4 Nf6 5.Nf3 c6 6.h3 Bf5 7.Bd3 Bxd3 8.Qxd3 Nbd7
9.O-O e6 10.a4 Qc7  1/2-1/2

[Event "SCG First League m"]
[Site "Vrnjacka Banja SCG"]
[Date "2005.10.21"]
[Round "5"]
[White "Lazic,Mi"]
[Black "Vukovic,Zd"]
[Result "1-0"]
[WhiteElo "2472"]
[BlackElo "2427"]

1.e4 d5 2.exd5 Qxd5 3.Nc3 Qd6 4.g3 Nc6 5.Bg2 h5 6.Nf3 h4 7.Nxh4 g5 8.Nf3 g4
9.Ng1 Bf5 10.d3 O-O-O 11.Be3 Bh6 12.Qd2 Nd4 13.O-O-O e5 14.h3 gxh3 15.Bxh3 Bxh3
16.Rxh3 Nf3 17.Nxf3 Bxe3 18.Qxe3 Rxh3 19.Ng5  1-0

[Event "SCG First League w"]
[Site "Vrnjacka Banja SCG"]
[Date "2005.10.22"]
[Round "6"]
[White "Randjelovic,D1"]
[Black "Kizova,S"]
[Result "1/2-1/2"]
[WhiteElo "2076"]
[BlackElo "2122"]

1.e4 d5 2.exd5 Qxd5 3.Nc3 Qd6 4.d4 Nf6 5.Nf3 a6 6.g3 b5 7.Bg2 Bb7 8.O-O e6
9.Bf4 Qb6 10.a4 Bd6 11.a5 Qa7 12.Bg5 Nbd7 13.Re1 O-O 14.Ne5 Bxg2 15.Kxg2 Qb7+
16.Kg1 h6 17.Bf4 Rad8 18.Qe2 Rfe8 19.Rad1 Bb4 20.Nxd7 Nxd7 21.Qg4 Nf6 22.Qh4 Be7
23.Be5 Nd7 24.Qg4 Nxe5 25.Rxe5 b4 26.Ne2 Rd5 27.Nf4 Rxe5 28.dxe5 Qe4 29.Qe2 Qxe2
30.Nxe2 Rd8 31.Rxd8+ Bxd8 32.Nd4 c5 33.Nb3 c4 34.Nc5 Bxa5 35.Nxa6 b3 36.cxb3 cxb3
37.Nc5 Bc3 38.Nd3 Bd4 39.Kg2 f6 40.exf6 gxf6 41.Kf3 f5 42.Kf4 Kf7 43.g4 Kf6
44.gxf5 exf5 45.f3  1/2-1/2

[Event "Open A"]
[Site "Arco HUN"]
[Date "2005.10.23"]
[Round "2"]
[White "Di Lazzaro,G"]
[Black "Mukic,J"]
[Result "0-1"]
[WhiteElo "2025"]
[BlackElo "2328"]

1.e4 d5 2.exd5 Qxd5 3.Nc3 Qd6 4.d4 Nf6 5.Nf3 a6 6.Bd3 Nc6 7.O-O Bg4 8.Ne4 Nxe4
9.Bxe4 f5 10.Bxc6+ Qxc6 11.Ne5 Bxd1 12.Nxc6 Bxc2 13.Ne5 e6 14.Re1 Bb4 15.Re2 Be4
16.f3 Bd5 17.a3 Ba5 18.b4 Bb6 19.Bb2 a5 20.Nd3 Bc4 21.Re3 Bxd3 22.Rxd3 axb4
23.axb4 Rxa1+ 24.Bxa1 Kf7 25.Kf1 Ra8 26.Bc3 Ra2 27.f4 c6 28.Rg3 g6 29.Re3 Rc2
30.Rd3 Bc7 31.Rf3 Bxf4 32.g4 Bxh2 33.gxf5 exf5 34.Be1 Ra2 35.b5 cxb5 36.Rb3 g5
37.Rxb5 Kg6 38.Rxb7 g4 39.Rb3 f4 40.Rb5 g3  0-1

[Event "TCh-BEL 2005-6"]
[Site "Belgium BEL"]
[Date "2005.10.23"]
[Round "2"]
[White "Saiboulatov,D"]
[Black "Kalka,A"]
[Result "1-0"]
[WhiteElo "2393"]
[BlackElo "2401"]

1.e4 d5 2.exd5 Qxd5 3.Nc3 Qd6 4.d4 Nf6 5.Nge2 c6 6.Bf4 Qb4 7.a3 Qxb2 8.Bc7 Nd5
9.Na4 Qb5 10.Nec3 Nxc3 11.Nxc3 Qg5 12.h4 Qg4 13.f3 Qd7 14.Bf4 e6 15.Ne4 Be7
16.Bc4 h6 17.Qd2 b6 18.c3 Ba6 19.Bb3 Qd8 20.Qf2 c5 21.Qg3 Kf8 22.Rd1 c4 23.Bc2 Bb7
24.Bc7 Qc8 25.Be5 f6 26.Bf4 Bd5 27.Nd6 Qd7 28.Bg6 Nc6 29.Nf7 Rg8 30.Nxh6 Rh8
31.Nf7 Rg8 32.h5 Nd8 33.Nh6 Rh8 34.Ng4 Bxa3 35.h6 Ke7 36.Kf2 gxh6 37.Nxf6 Qa4
38.Nxd5+ exd5 39.Qg4 Nf7 40.Rde1+ Kf8 41.Qf5  1-0

[Event "SCG First League w"]
[Site "Vrnjacka Banja SCG"]
[Date "2005.10.23"]
[Round "7"]
[White "Mladenovic,J"]
[Black "Drljevic,L"]
[Result "0-1"]
[WhiteElo "2156"]
[BlackElo "2189"]

1.e4 d5 2.exd5 Qxd5 3.Nc3 Qd8 4.d4 Nf6 5.Bc4 a6 6.Nf3 b5 7.Bb3 c5 8.dxc5 Qxd1+
9.Nxd1 e6 10.O-O Bb7 11.a4 b4 12.a5 Bxc5 13.Ba4+ Ke7 14.Be3 Rc8 15.Ne5 Bd6
16.Bd4 Nd5 17.Re1 f6 18.Nd3 Nc6 19.Bc5 Nxa5 20.Bxd6+ Kxd6 21.Ne3 Nxe3 22.Rxe3 Rc4
23.Rd1 Bd5 24.g3 g5 25.f4 h6 26.f5 exf5 27.Nf2 Rd8 28.b3 Rcc8 29.g4 Nb7 30.gxf5 Nc5
31.Ng4 Rf8 32.Re2 Nxa4 33.bxa4 Kc5 34.Kf2 h5 35.Ne3 Bc6 36.Red2 a5 37.Rd6 Rce8
38.Nf1 Re5 39.Ne3 Bxa4 40.R1d5+ Rxd5 41.Rxd5+ Kb6 42.Nc4+ Kc6 43.Rxa5 Bxc2
44.Nb2 b3 45.Kf3 Kb7 46.Rb5+ Kc6 47.Ra5 Rb8 48.Ke3 Rb5 49.Ra6+ Rb6 50.Ra5 Kb7
51.Kd4 Rd6+ 52.Kc3  0-1

[Event "II Open"]
[Site "Calvia ESP"]
[Date "2005.10.25"]
[Round "6"]
[White "Fernandez Romero,Ern"]
[Black "Rodriguez Lopez,R"]
[Result "1/2-1/2"]
[WhiteElo "2442"]
[BlackElo "2246"]

1.e4 d5 2.exd5 Qxd5 3.Nc3 Qd8 4.Bc4 Nf6 5.Nf3 e6 6.d4 Be7 7.Bg5 O-O 8.Qe2 a6
9.Bxf6 Bxf6 10.O-O-O Nd7 11.h4 c5 12.Ne4 cxd4 13.Nxd4 Qb6 14.Nxf6+ Nxf6 15.g4 Rd8
16.c3 Qc7 17.g5 Nd5 18.Bb3 b5 19.Kb1 Bb7 20.Rhe1 Qf4 21.Qe5  1/2-1/2

[Event "SCG First League m"]
[Site "Vrnjacka Banja SCG"]
[Date "2005.10.25"]
[Round "9"]
[White "Lazic,Dr"]
[Black "Vukovic,Zd"]
[Result "1/2-1/2"]
[WhiteElo "2332"]
[BlackElo "2427"]

1.e4 d5 2.exd5 Qxd5 3.Nc3 Qd8 4.d4 Nf6 5.Nf3 c6 6.Bc4 b5 7.Bb3 e6 8.O-O Be7
9.Ne5 O-O 10.Bg5 Bb7 11.Qe2 Nd5 12.Bxe7 Nxc3 13.bxc3 Qxe7 14.f4 c5 15.dxc5 Nc6
16.Nd3 Qf6 17.Qe1 a5 18.a4 Ba6 19.Rf2 Rab8 20.axb5 Bxb5 21.c4 Ba6 22.Ba4 Bb7
23.Bxc6 Bxc6 24.Ne5 Rfc8 25.Rxa5 Rc7 26.Ra6 Rbc8 27.Qb4 h6 28.Rb6 Kh7 29.h3 Qf5
30.Rb8 f6 31.Rxc8 Rxc8 32.Nd3 Qe4 33.Qc3 Ba8 34.Kh2 Qe3 35.Qd2 Qd4 36.Qb4 e5
37.fxe5 fxe5 38.Qe1 e4 39.Nc1 Rxc5 40.Ne2 Qe5+ 41.Kh1 Rxc4 42.c3 Qc5 43.Kh2 Qc7+
44.Kg1 Qc5 45.Kh2 Qe5+ 46.Kg1 Qg5 47.Rf8 Bc6 48.Qf1 e3 49.Qf5+ Qxf5 50.Rxf5 Be4
51.Re5 Bd3 52.Rxe3  1/2-1/2

[Event "SCG First League w"]
[Site "Vrnjacka Banja SCG"]
[Date "2005.10.26"]
[Round "10"]
[White "Bjeloglav,M"]
[Black "Chelushkina,I"]
[Result "0-1"]
[WhiteElo "2048"]
[BlackElo "2315"]

1.e4 d5 2.exd5 Qxd5 3.Nc3 Qd8 4.d4 Nf6 5.Bg5 c6 6.Qd2 h6 7.Bh4 Be6 8.Nf3 Nbd7
9.Bd3 Nb6 10.h3 g5 11.Bg3 Bg7 12.O-O-O Nh5 13.Be5 Bxe5 14.dxe5 Nf4 15.Bf1 Qxd2+
16.Rxd2 Nbd5 17.Ne4 O-O-O 18.Nc5 Nc7 19.Nxe6 Ncxe6 20.g3 Rxd2 21.Kxd2 Rd8+
22.Kc1 Nd5 23.Bc4 Nc5 24.Re1 e6 25.Bxd5 exd5 26.Nd4 Ne4 27.Nf5 Nxf2 28.Nxh6 Rd7
29.Rf1 Nxh3 30.Nxf7 Re7 31.Rf5 g4 32.Nh6 Ng1 33.Kd1 Kd7 34.Nxg4 Rg7 35.Rf4 Nh3
36.Nf6+ Ke6 37.Nh5 Rxg3 38.Nxg3 Nxf4 39.Kd2 Kxe5 40.Nf1 d4 41.c3 c5 42.cxd4+ cxd4
43.Ng3 a5 44.a4 Ne6 45.Kc2 Nc5 46.b3 d3+ 47.Kb2 Ne4 48.Nf1 Kd4 49.b4 axb4
50.a5 d2 51.Kc2 b3+  0-1

[Event "Open A"]
[Site "Arco HUN"]
[Date "2005.10.27"]
[Round "6"]
[White "Caruana,F"]
[Black "Mukic,J"]
[Result "1-0"]
[WhiteElo "2373"]
[BlackElo "2328"]

1.e4 d5 2.exd5 Qxd5 3.Nc3 Qd6 4.g3 Nf6 5.Bg2 h5 6.d4 c6 7.Bf4 Qb4 8.Qd2 Bf5
9.a3 Qb6 10.Na4 Qd8 11.Nc5 Qc8 12.Nf3 e6 13.O-O Nbd7 14.b4 Be7 15.Ne5 Nxc5
16.dxc5 Nd5 17.c4 Nxf4 18.Qxf4 O-O 19.Be4 Bxe4 20.Qxe4 Bf6 21.Rad1 Rd8 22.Rd6 Be7
23.Qf3 Rf8 24.Rd3 h4 25.Rfd1 a5 26.Nd7  1-0

[Event "Open A"]
[Site "Liberec CZE"]
[Date "2005.10.29"]
[Round "9"]
[White "Braun,T"]
[Black "Kutukova,V"]
[Result "0-1"]
[WhiteElo "2205"]
[BlackElo "2129"]

1.e4 d5 2.exd5 Qxd5 3.Nc3 Qd8 4.Nf3 Nf6 5.d4 Bf5 6.Bd3 Bxd3 7.Qxd3 Nbd7 8.Bf4 e6
9.O-O-O c6 10.h3 Bb4 11.a3 Bxc3 12.Qxc3 Nd5 13.Qd2 O-O 14.Ng5 b5 15.h4 Qf6
16.Bd6 Rfe8 17.Qd3 Qf5 18.Qxf5 exf5 19.Rhe1 h6 20.Nf3 f6 21.Rxe8+ Rxe8 22.Re1 Re4
23.Kd2 Kf7 24.Rxe4 fxe4 25.Ne1 Ke6 26.Bh2 f5 27.f4 N5b6 28.b3 a5 29.Bg1 a4
30.Kc1 Nf6 31.g3 Nbd5 32.Ng2 Nc3 33.Bf2 Ng4 34.Be1 Ne2+ 35.Kd2 Nxd4 36.Kc3 Kd5
37.b4 c5 38.Kb2 cxb4 39.axb4 Kc4 40.Kb1 Nf3  0-1

[Event "TCh-HUN 2005-6"]
[Site "Hungary HUN"]
[Date "2005.10.30"]
[Round "2"]
[White "Medvegy,N"]
[Black "Boricsev,O"]
[Result "1-0"]
[WhiteElo "2368"]
[BlackElo "2329"]

1.e4 d5 2.exd5 Qxd5 3.Nc3 Qd8 4.d4 Nf6 5.Nf3 Bf5 6.Bc4 e6 7.Qe2 Be7 8.Bb3 c6
9.Bd2 Nbd7 10.Ne5 h5 11.O-O-O Qc7 12.Bf4 Bd6 13.Rhe1 O-O-O 14.Bg5 Rdf8 15.h3 Nd5
16.Bd2 Bxe5 17.dxe5 Nc5 18.Qf3 Nb4 19.Nb5 Ncd3+ 20.cxd3 cxb5+ 21.Bc3 Nxd3+
22.Rxd3 Bxd3 23.Qxd3 b4 24.Re4 Rd8 25.Qe3 bxc3 26.Rc4 Qxc4 27.Bxc4 cxb2+
28.Kxb2 Kb8 29.Qg5 Rc8 30.Bb3 Rhd8 31.f3 g6 32.g4 hxg4 33.hxg4 b5 34.Qf4 a5
35.Qxf7 Rd2+ 36.Ka3 Rc7 37.Qxe6 Ka7 38.Qe8 Kb6 39.Qxg6+ Rc6 40.Qe4 Rc3 41.Qb1 Rcd3
42.Qg1+ Ka6 43.Qc1 Kb6 44.e6 a4 45.e7 axb3 46.axb3 Re2 47.Qh6+ Ka5 48.Qf4 Rde3
49.Qd6 b4+ 50.Qxb4+ Ka6 51.Qd6+ Kb5 52.Qd5+ Kb6 53.g5 Rxe7 54.Qd6+ Kb5 55.Qd5+ Kb6
56.g6 R7e5 57.Qd4+ Kc6 58.g7 Ra5+ 59.Kb4 Rb5+ 60.Kc4 Rb8 61.Qd5+  1-0

[Event "8th IM ZNG111"]
[Site "Kostrena CRO"]
[Date "2005.10.30"]
[Round "5"]
[White "Dumpor,A"]
[Black "Medancic,R"]
[Result "1/2-1/2"]
[WhiteElo "2309"]
[BlackElo "2290"]

1.e4 d5 2.exd5 Qxd5 3.Nc3 Qd6 4.d4 Nf6 5.Nf3 a6 6.Bd3 Bg4 7.h3 Bh5 8.Be3 Nc6
9.Qe2 e6 10.O-O-O Be7 11.g4 Bg6 12.Bxg6 hxg6 13.Ng5 Rf8 14.f4 Nd5 15.Nge4 Qb4
16.f5 gxf5 17.gxf5 Nxe3 18.Qxe3 Na5 19.Nd2 O-O-O 20.fxe6 Qxd4 21.Qe2 fxe6
22.Qxe6+ Qd7 23.Qe3 Nc6 24.Kb1 Qf5 25.Nb3 Bg5 26.Rxd8+ Rxd8 27.Qe2 Kb8 28.a3 Bf6
29.Qe4 Qh5 30.Qe3  1/2-1/2

[Event "2nd Bundesliga Mitte 2005-6"]
[Site "Austria AUT"]
[Date "2005.11.05"]
[Round "3"]
[White "Tschohl,C"]
[Black "Arwanitakis,M"]
[Result "1-0"]
[WhiteElo "2142"]
[BlackElo "2286"]

1.e4 d5 2.exd5 Qxd5 3.Nc3 Qd6 4.d4 c6 5.Nf3 Bf5 6.Bd3 Bxd3 7.Qxd3 Nf6 8.Be3 Nbd7
9.O-O-O e6 10.g3 Qc7 11.Rhe1 O-O-O 12.Bf4 Bd6 13.Bxd6 Qxd6 14.Ng5 Qe7 15.f4 g6
16.Qf3 Nb6 17.Nge4 Nfd5 18.Nxd5 Rxd5 19.Nc5 Rhd8 20.c3 h5 21.h3 Nd7 22.c4 Rxc5
23.dxc5 Nxc5 24.Qe3 a5 25.Rxd8+ Kxd8 26.Rd1+ Kc7 27.Qe5+ Kb6 28.Kc2 Nd7 29.Qd4+ Kc7
30.a3 c5 31.Qh8 Kb6 32.Qc8 Nf6 33.Qb8 Ne4 34.Rd3 Kc6 35.Qa8 Kb6 36.Rb3+ Kc6
37.Qxa5  1-0

[Event "TCh-CZE Extraliga 2005-6"]
[Site "Czech Rep CZE"]
[Date "2005.11.05"]
[Round "3"]
[White "Cernousek,L"]
[Black "Nedela,V"]
[Result "1-0"]
[WhiteElo "2379"]
[BlackElo "2374"]

1.e4 d5 2.exd5 Qxd5 3.Nc3 Qd6 4.d4 c6 5.Nf3 Nf6 6.g3 Bg4 7.Bg2 e6 8.O-O Be7
9.h3 Bxf3 10.Bxf3 O-O 11.Ne2 Nbd7 12.c4 Rfd8 13.Be3 e5 14.Qc2 exd4 15.Nxd4 Ne5
16.Bg2 Qb4 17.Nf5 Bc5 18.Bg5 Nd3 19.Rab1 Rd7 20.a3 Qa5 21.Bxf6 gxf6 22.b4 Bxb4
23.Nh6+ Kg7 24.axb4 Qg5 25.Ng4 f5 26.Qc3+ f6 27.Nh2 f4 28.Nf3 Qf5 29.g4 Qg6
30.Nd4 Kh8 31.Rbd1 Ne5  1-0